| 000 | 00000nam##2200000za#4500 |
| 001 | 9.599843 |
| 003 | CaOODSP |
| 005 | 20240501092931 |
| 007 | cr ||||||||||| |
| 008 | 150406|2007||||xxc|||||o f|0| 0 fre|d |
| 040 | |aCaOODSP|bfre |
| 043 | |an-cn--- |
| 086 | 1 |aPS83-3/197F-PDF |
| 110 | 2 |aService correctionnel Canada. |
| 245 | 10|aUnités de garde en milieu fermé pour délinquantes : |h[ressource électronique]|bexamen des répercussions / |c[par] Renée Gobeil, Kelly Taylor et Jillian Flight. |
| 260 | |bService correctionnel Canada |cOctobre 2007. |
| 300 | |a88p.|bgraphiques, références, tableaux |
| 490 | 1 |aRapport de recherche|vR-197 |
| 590 | |a11-01-Supp|b2011-01-11 |
| 720 | 1 |aFlight, Jillian |
| 720 | 1 |aTaylor, Kelly |
| 720 | 1 |aGobeil, Renée |
| 775 | 08|tSecure units for women offenders : |w(CaOODSP)9.568569 |
| 830 | #0|aRapport de recherche (Service correctionnel Canada. Direction de la recherche)|vR-197|w(CaOODSP)9.502465 |
| 856 | 40|ahttp://publications.gc.ca|qPDF|s468 Ko|uhttps://publications.gc.ca/collections/collection_2010/scc-csc/PS83-3-197-fra.pdf|yR-197 |